Swiss Super League by Badge - Statistics

General Stats
  • This quiz has been taken 59 times
  • The average score is 11 of 12
Answer Stats
Picture Answer % Correct
Young Boys
100%
FC Basel
98%
FC Zürich
98%
FC Sankt Gallen
95%
Grasshopper Club Zürich
95%
FC Lugano
93%
FC Thun
93%
Lausanne-Sport
93%
Servette
93%
FC Luzern
91%
FC Sion
91%
FC Winterthur
84%
No matching quizzes found
Score Distribution
Percent of People with Each Score
Percentile by Number Answered
Your Score History
You have not taken this quiz